| 000 | 00968nam a2200253Ia 4500 | ||
|---|---|---|---|
| 001 | ebr5000534 | ||
| 003 | CaPaEBR | ||
| 006 | m u | ||
| 007 | cr cn||||||||| | ||
| 008 | 010502s2001 ncu s 000 0 eng d | ||
| 040 |
_aCaPaEBR _cCaPaEBR |
||
| 035 | _a(OCoLC)450590965 | ||
| 050 | 1 | 4 |
_aB1325 _b.B47 2001eb |
| 100 | 1 |
_aBerkeley, George, _d1685-1753. |
|
| 245 | 1 | 0 |
_aThree dialogues between Hylas and Philonous _h[electronic resource] / _cGeorge Berkeley. |
| 260 |
_aRaleigh, NC : _bAlex Catalogue, _c2001. |
||
| 300 | _a80 p. | ||
| 533 |
_aElectronic reproduction. _bPalo Alto, Calif. : _cebrary, _d2010. _nAvailable via World Wide Web. _nAccess may be limited to ebrary affiliated libraries. |
||
| 650 | 0 | _aKnowledge, Theory of. | |
| 650 | 0 | _aIdealism. | |
| 655 | 7 |
_aElectronic books. _2local |
|
| 710 | 2 | _aebrary, Inc. | |
| 856 | 4 | 0 |
_uhttp://site.ebrary.com/lib/rucke/Doc?id=5000534 _zAn electronic book accessible through the World Wide Web; click to view |
| 999 |
_c2864 _d2864 |
||